Sołectwa i osiedla Jastrzębia-Zdroju (z mapą) - Statystyki

Ogólne statystyki
  • Ten quiz został rozwiązany 100 razy
  • Średni wynik to 11 z 20
Odpowiedzi na mapie
Odpowiedzi zakodowano w zielono-czerwonej skali na mapie do tego quizu, zgodnie z poniższymi procentami.
 
Statystyki odpowiedzi
Odpowiedź % Poprawnych
Bzie
82%
Szeroka
80%
Zdrój
78%
Ruptawa
71%
Zofiówka
71%
Moszczenica
67%
Borynia
62%
Przyjaźń
62%
Gwarków
60%
Arki Bożka
58%
Pionierów
58%
Barbary
53%
Morcinka
51%
Chrobrego
47%
Staszica
47%
Złote Lany
47%
Skrzeczkowice
27%
Bogoczowiec
24%
Tuwima
24%
Jastrzębie Górne i Dolne
13%
Nie znaleziono quizów pasujących do podanych kryteriów
Rozkład punktacji
Procent ludzi z każdym wynikiem
Percentyl według liczby udzielonych odpowiedzi
Twoja historia wyników
Nie rozwiązałeś tego quizu